Basic lubrication theory

Saved in:
Bibliografiske detaljer
Main Authors: Cameron, A (Author), Ettles, C. M (Author)
Format: Bog
Sprog:engelsk
Udgivet: Nueva York John Wiley 1981
Udgivelse:3a. ed
Serier:Ellis Horwood Series in Engineering Science
Fag:
Tags: Tilføj Tag
Ingen Tags, Vær først til at tagge denne postø!

MARC

LEADER 00000nam a2200000 a 4500
001 UCP2214
003 CL-VaPUC
008 990507e19810000US |||||||||||||||||eng|d
082 0 4 |a 621.89  |b CAM  |2 21 
100 0 |a Cameron, A  |e author  |9 428754 
700 0 |a Ettles, C. M  |e author  |9 428755 
245 1 0 |a Basic lubrication theory 
250 |a 3a. ed 
300 |a 256 p 
942 |c BK 
945 |d 19990507 00:00:00  |a cmena 
260 |a Nueva York  |b John Wiley  |c 1981 
650 7 |a LUBRICANTES  |2 CL-VaPUC  |9 357608 
650 7 |a LUBRICACION  |2 CL-VaPUC  |9 364114 
650 0 |a Aceites lubricantes  |9 361175 
650 0 |a Viscosidad  |9 260583 
650 0 |a Propiedades mecánicas   |9 262507 
583 |a last modification  |c 19990507 00:00:00  |k Rodrigo Vera 
490 0 |a Ellis Horwood Series in Engineering Science 
999 |c 280776  |d 280774